Langenscheidts Deutsches Wörterbuch Rechtschreibung und Gramatik
Guardado en:
| Formato: | Libro |
|---|---|
| Lenguaje: | alemán |
| Publicado: |
Berlin
Langenscheidt
1966
|
| Edición: | 6. Aufl. |
| Etiquetas: |
Sin Etiquetas, Sea el primero en etiquetar este registro!
|
MARC
| LEADER | 00000nam a2200000 4500 | ||
|---|---|---|---|
| 001 | c122772 | ||
| 005 | 20250717103736.0 | ||
| 041 | 0 | |a ger | |
| 044 | |a DE | ||
| 245 | 1 | 0 | |a Langenscheidts Deutsches Wörterbuch |b Rechtschreibung und Gramatik |c August Vogel, Arthur Busse, Richard Pekrun |
| 250 | |a 6. Aufl. | ||
| 264 | 1 | |a Berlin |b Langenscheidt |c 1966 | |
| 300 | |a 338 s. | ||